000 00519nam a2200157 a 4500
008 120416s0000 ||||||||||||||||| || u
020 _a0818500735
050 _aBF 149 Pro
100 _aPronko, N
245 1 0 _aPanorama of Psychology
250 _a2nd ed.
260 _aCalifornia
_bWadsworth Publishing Company
_c1973
300 _axiii, 478p. : ill.
350 _a0.00
995 _D0.00
_FCBU-MAIN LIBRARY (Kitwe)
_H1
_I0.00
_UDAMAGED
_ZMain Library Open Access Collection
999 _c53096
_d53096